| 000 | 01361nam a2200337 a 4500 | ||
|---|---|---|---|
| 001 | ebr5002316 | ||
| 003 | CaPaEBR | ||
| 006 | m u | ||
| 007 | cr cn||||||||| | ||
| 008 | 980929s2001 cau sb 000 0 eng d | ||
| 010 | _z 98031679 | ||
| 020 | _z0833026682 (v. 6 : pbk.) | ||
| 040 |
_aCaPaEBR _cCaPaEBR |
||
| 035 | _a(OCoLC)133167202 | ||
| 050 | 1 | 4 |
_aRB152.7 _b.O55 1998eb |
| 082 | 0 | 4 |
_a616.9/8023 _221 |
| 245 | 0 | 0 |
_aOil well fires _h[electronic resource] / _cDalia M. Spektor. |
| 260 |
_aSanta Monica, CA : _bRand, _c2001. |
||
| 300 | _a70 p. | ||
| 490 | 0 |
_aGulf War illnesses series: a Review of the scientific literature as it pertains to Gulf War illnesses ; _vv.6 |
|
| 500 | _a"MR-1018-OSD." | ||
| 500 | _a"Prepared for the Office of the Secretary of Defense, National Defense Research Institute." | ||
| 504 | _aIncludes bibliographical references. | ||
| 533 |
_aElectronic reproduction. _bPalo Alto, Calif. : _cebrary, _d2006. _nAvailable via World Wide Web. _nAccess may be limited to ebrary affiliated libraries. |
||
| 630 | 0 | 0 | _aGulf War illnesses series. |
| 650 | 0 | _aPersian Gulf syndrome. | |
| 655 | 7 |
_aElectronic books. _2local |
|
| 700 | 1 | _aSpektor, Dalia M. | |
| 710 | 2 | _aebrary, Inc. | |
| 856 | 4 | 0 |
_uhttp://site.ebrary.com/lib/rucke/Doc?id=5002316 _zAn electronic book accessible through the World Wide Web; click to view |
| 999 |
_c1693 _d1693 |
||